[Event "Ruhrgebiet Verbandsliga Gruppe 1 1819"]
[Site "Nordrheinwestfalen"]
[Date "2019.05.05"]
[Round "9.7"]
[White "Vogt, Niels"]
[Black "Huestegge, Ulrich"]
[Result "1/2-1/2"]
[WhiteElo "1252"]
[BlackElo "1850"]
[PlyCount "44"]
[EventDate "2018.09.23"]
[EventType "team-tourn"]
[EventRounds "9"]
[EventCountry "GER"]
[SourceTitle "EXT 2022"]
[Source "ChessBase"]
[SourceDate "2021.10.06"]
[SourceVersion "1"]
[SourceVersionDate "2021.10.06"]
[SourceQuality "1"]
[WhiteTeam "Bochum SG III"]
[BlackTeam "Bottrop SV"]
[WhiteTeamCountry "GER"]
[BlackTeamCountry "GER"]

1. e4 e5 2. Nf3 Nc6 3. Bc4 Be7 4. 0-0 Nf6 5. Nc3 0-0 6. Re1 d6 7. h3 Bd7 8. b3 Nh5 9. Nd5 Nf4 10. Nxf4 exf4 11. d4 g5 12. Bb2 h5 13. Nh2 g4 14. hxg4 h4 15. f3 Kg7 16. Qd2 a6 17. a4 Bg5 18. Rad1 Rh8 19. Bf1 Qe7 20. e5 dxe5 21. d5 Qc5+ 22. Kh1 Nb4 1/2-1/2